000 00340 a2200157 4500
001 59834
020 _a9788576768302
040 _cAnchieta - Pituba
100 _aStine, R. L.
240 1 0 _aGoosebumps Horroland
_lpor
245 1 0 _aGoosebumps Horroland
300 _a109
362 0 _a2011
650 4 _aLiteratura juvenil
942 _cBK
999 _c59834
_d59834